000 00674nam a2200193Ia 4500
003 IN-BaIIA
008 211028s9999 xx 000 0 eng d
040 _cIIA Library
080 _a5(540)
_bSCI
245 0 _aScience in India
_bachievements and aspirations, 75 years of the academy
_cedited by H. Y. Mohan Ram and P. N. Tandon
260 _aNew Delhi
_bIndian National Science Academy
_c2010
300 _aviii, 632p.
650 _a75 years of the Indian National Science Academy
_935556
650 _aScience-Achievements-India
_935557
650 _aScience-India
_921159
700 _aMohan Ram, H. Y., ed.
_935558
700 _aTandon, P. N., ed.
_935559
942 _cBK
999 _c18508
_d18508